Państwa na literę L - Statystyki

Ogólne statystyki
  • Ten quiz został rozwiązany 70 razy
  • Średni wynik to 6 z 8
Statystyki odpowiedzi
Państwa % Poprawnych
Litwa
91%
Libia
82%
Liban
75%
Laos
72%
Liberia
70%
Liechtenstein
70%
Luksemburg
70%
Lesotho
60%
Nie znaleziono quizów pasujących do podanych kryteriów
Rozkład punktacji
Procent ludzi z każdym wynikiem
Percentyl według liczby udzielonych odpowiedzi
Twoja historia wyników
Nie rozwiązałeś tego quizu